000 00435cam a2200181ua 4500
020 _c3.50
041 _ahin
_h
082 _a891.54
_bHAR/HA
100 _aHargovind, Trivedi .
245 _aHastaregha vijnan /
_cHargovind trivedi.
_hTextual Documents
250 _a1 /
_b.
260 _aVaranasi :
_bKranti prakashan ,
_c1955.
300 _a171 ; .
365 _a3.50
504 _a
942 _cBK
999 _c8428
_d8428